书目信息 |
| 题名: |
词汇、语法、修辞
|
|
| 作者: | 林裕文 著 | |
| 分册: | ||
| 出版信息: | 上海 上海教育出版社 1985 |
|
| 页数: | 90页 | |
| 开本: | 19cm | |
| 丛书名: | 汉语知识讲话 | |
| 单 册: | ||
| 中图分类: | H1-49 | |
| 科图分类: | ||
| 主题词: | 汉语--基本知识 | |
| 电子资源: | ||
| ISBN: | ||
| 000 | 00633nam2 2200241 45 | |
| 001 | 0185012586 | |
| 005 | 20070923151802.87 | |
| 010 | @dCNY0.31 | |
| 100 | @a19951029d1985 em y0chiy0121 ea | |
| 101 | 0 | @achi |
| 102 | @aCN@b310000 | |
| 105 | @ay z 000yy | |
| 200 | 10 | @a词汇、语法、修辞@Aci hui、 yu fa、 xiu ci@f林裕文著 |
| 210 | @a上海@c上海教育出版社@d1985 | |
| 215 | @a90页@d19cm | |
| 225 | 2 | @a汉语知识讲话 |
| 410 | @120010@a汉语知识讲话 | |
| 606 | @a汉语@x基本知识 | |
| 690 | @aH1-49@v3 | |
| 701 | 0 | @a林裕文@4著@Alin yu wen |
| 801 | 0 | @aCN@bTSSF@c20070923 |
| 801 | 2 | @aCN@bNLC@c20060809 |
| 905 | @a10447@dH1-49@e95 | |
| 词汇、语法、修辞/林裕文著.-上海:上海教育出版社,1985 |
| 90页;19cm.-(汉语知识讲话) |
| ISBN :CNY0.31 |
| ● |
| 相关链接 |
|
|
|
|
正题名:词汇、语法、修辞
索取号:H1-49/95
 
预约/预借
| 序号 | 登录号 | 条形码 | 馆藏地/架位号 | 状态 | 备注 |
| 1 | 0450767 | 204507676 | 密集书库/ [索取号:H1-49/95] | 在馆 | |
| 2 | 0450768 | 204507685 | 密集书库/ [索取号:H1-49/95] | 在馆 | |
| 3 | 0450769 | 204507694 | 密集书库/ [索取号:H1-49/95] | 在馆 | |
| 4 | 0450770 | 204507701 | 密集书库/ [索取号:H1-49/95] | 在馆 | |
| 5 | 0624733 | 206247337 | 密集书库/ [索取号:H1-49/95] | 在馆 |